AMERICAN MEDIA AND INDIA'S BOMB (Record no. 579372)
[ view plain ]
| 000 -LEADER | |
|---|---|
| fixed length control field | 00239nam a22000977a 4500 |
| 082 ## - DEWEY DECIMAL CLASSIFICATION NUMBER | |
| Classification number | 583.19 AME'B |
| 100 ## - MAIN ENTRY--PERSONAL NAME | |
| Personal name | BRITISH REPRESENTIVE |
| 9 (RLIN) | 73708 |
| 245 ## - TITLE STATEMENT | |
| Title | AMERICAN MEDIA AND INDIA'S BOMB |
| 260 ## - PUBLICATION, DISTRIBUTION, ETC. | |
| Place of publication, distribution, etc. | WASHINGTON |
| Name of publisher, distributor, etc. | BRITISH |
| Date of publication, distribution, etc. | 1968 |
| 942 ## - ADDED ENTRY ELEMENTS (KOHA) | |
| Koha item type | Book |
| Withdrawn status | Lost status | Damaged status | Not for loan | Permanent Location | Current Location | Shelving location | Date acquired | Total Checkouts | Full call number | Barcode | Date last seen | Price effective from | Koha item type |
|---|---|---|---|---|---|---|---|---|---|---|---|---|---|
| College of Electrical & Mechanical Engineering (CEME) | College of Electrical & Mechanical Engineering (CEME) | General Stacks | 04/20/2017 | 583.19 AME'B | CEME-16418 | 06/28/2021 | 06/28/2021 | Book |
